Um cérebro sempre jovem (Registo nº 19374)
[ vista simples ]
| 000 -Etiqueta do registo | |
|---|---|
| Valores | 00594nam a22001811i 4500 |
| 090 ## - | |
| -- | 19374 |
| 100 ## - Dados gerais de processamento | |
| Dados gerais | 20170304u u u0frey50 ba |
| 101 1# - Língua de publicação | |
| -- | por |
| -- | por |
| 200 1# - Titulo e menção de responsabilidade | |
| Primeira menção de responsabilidade | Tony Buzan |
| Título próprio | Um cérebro sempre jovem |
| Informação de outro título | plano de 7 semanas para reforçar a memória |
| 215 ## - Descrição física | |
| Paginação / Volumes | 319, [1] p. |
| Dimensões | 20 cm |
| 210 ## - Publicação | |
| Nome do editor | Leya |
| Local de publicação | Alfragide |
| Data de publicação | 2012 |
| 225 2# - Colecção | |
| Título próprio da colecção | Saúde & bem estar |
| Indicação de volume | 3 |
| 300 ## - Notas gerais | |
| Texto da nota | Publicado com a revista sábado |
| 410 #0 - | |
| -- | Saúde & bem estar |
| 700 #1 - Autor principal (pessoa individual) | |
| Apelido | Buzan |
| Nome | Tony |
| -- | 070 |
| Datas | 1942 |
| 996 ## - ISO2709 | |
| -- | 0026421 |
| -- | BUZ |
| -- | 00000000 |
| -- | 00000000 |
| -- | BMVAAG |
| -- | 4 |
| -- | Aguiar |
| -- | Medicina |
| -- | 29 |
| -- | Livro |
| -- | 0 |
| -- | 1 |
| 990 ## - Elementos KOHA | |
| Tipo de documento | Livro |
| Situação do levantamento | Estado | Biblioteca de origem | Biblioteca de empréstimo | Código de barras | Cota | Permissão de empréstimo | Tipo de documento |
|---|---|---|---|---|---|---|---|
| Completo | Biblioteca Municipal de Viana Do Alentejo | Biblioteca Municipal de Viana Do Alentejo Pólo Aguiar | 0024729 | 159.9 BUZ | Disponível | Livro |